Normal view
MARC view
- ضريبة الدخل -- الاردن -- قوانين
Entry Topical Term
001 - CONTROL NUMBER
- control field: 56705
003 - CONTROL NUMBER IDENTIFIER
- control field: JO-AjAnu
005 - DATE AND TIME OF LATEST TRANSACTION
- control field: 20230606083306.0
008 - FIXED-LENGTH DATA ELEMENTS
- fixed length control field: 230606|| aca||aabn | a|a d
040 ## - CATALOGING SOURCE
- Original cataloging agency: JO-AjAnu
- Transcribing agency: JO-AjAnu
150 ## - HEADING--TOPICAL TERM
- Topical term or geographic name entry element: ضريبة الدخل -- الاردن -- قوانين
670 ## - SOURCE DATA FOUND
- Source citation: Work cat.: (JO-AjAnu)28936: المجلس الاقتصادي والاجتماعي الأردني, author 56704, السياسة والإدارة الضريبية في الأردن وأثر قانون ضريبة الدخل رقم (34) لسنة 2014 على بعض القطاعات الاقتصادية